Experiential exercises in organization theory & design / (Record no. 935)
[ view plain ]
| 000 -LEADER | |
|---|---|
| fixed length control field | 01055cam a22002654a 4500 |
| 001 - CONTROL NUMBER | |
| control field | 14276826 |
| 005 - DATE AND TIME OF LATEST TRANSACTION | |
| control field | 20241108174801.0 |
| 008 - FIXED-LENGTH DATA ELEMENTS--GENERAL INFORMATION | |
| fixed length control field | 060224s2007 ohua b 000 0 eng |
| 020 ## - INTERNATIONAL STANDARD BOOK NUMBER | |
| International Standard Book Number | 032436010X |
| 020 ## - INTERNATIONAL STANDARD BOOK NUMBER | |
| International Standard Book Number | 9780324360103 |
| 050 00 - LIBRARY OF CONGRESS CALL NUMBER | |
| Classification number | HD58.7 |
| Item number | .B35 2007 |
| 100 1# - MAIN ENTRY--PERSONAL NAME | |
| Personal name | Baker, H. Eugene. |
| 245 10 - TITLE STATEMENT | |
| Title | Experiential exercises in organization theory & design / |
| Statement of responsibility, etc. | H. Eugene Baker III, Steven K. Paulson. |
| 250 ## - EDITION STATEMENT | |
| Edition statement | 2nd ed. |
| 260 ## - PUBLICATION, DISTRIBUTION, ETC. | |
| Place of publication, distribution, etc. | Mason, OH : |
| Name of publisher, distributor, etc. | Thomson South-Western, |
| Date of publication, distribution, etc. | c2007. |
| 300 ## - PHYSICAL DESCRIPTION | |
| Extent | vi, 218 p. : |
| Other physical details | ill. ; |
| Dimensions | 26 cm. |
| 650 #0 - SUBJECT ADDED ENTRY--TOPICAL TERM | |
| Topical term or geographic name entry element | Organizational behavior. |
| 650 #0 - SUBJECT ADDED ENTRY--TOPICAL TERM | |
| Topical term or geographic name entry element | Organizational behavior |
| Form subdivision | Problems, exercises, etc. |
| 650 #0 - SUBJECT ADDED ENTRY--TOPICAL TERM | |
| Topical term or geographic name entry element | Experiential learning. |
| 700 1# - ADDED ENTRY--PERSONAL NAME | |
| Personal name | Paulson, Steven K. |
| 856 41 - ELECTRONIC LOCATION AND ACCESS | |
| Materials specified | Table of contents only |
| Uniform Resource Identifier | <a href="http://www.loc.gov/catdir/toc/fy0612/2006922959.html">http://www.loc.gov/catdir/toc/fy0612/2006922959.html</a> |
| 856 42 - ELECTRONIC LOCATION AND ACCESS | |
| Materials specified | Publisher description |
| Uniform Resource Identifier | <a href="http://www.loc.gov/catdir/enhancements/fy1215/2006922959-d.html">http://www.loc.gov/catdir/enhancements/fy1215/2006922959-d.html</a> |
| 856 42 - ELECTRONIC LOCATION AND ACCESS | |
| Materials specified | Contributor biographical information |
| Uniform Resource Identifier | <a href="http://www.loc.gov/catdir/enhancements/fy1302/2006922959-b.html">http://www.loc.gov/catdir/enhancements/fy1302/2006922959-b.html</a> |
| 942 ## - ADDED ENTRY ELEMENTS (KOHA) | |
| Source of classification or shelving scheme | Library of Congress Classification |
| Koha item type | Books |
| Edition | 2nd Ed. |
| Suppress in OPAC | No |
| 999 ## - | |
| -- | 935 |
| -- | 935 |
| Withdrawn status | Lost status | Source of classification or shelving scheme | Damaged status | Not for loan | Collection | Home library | Current library | Shelving location | Date acquired | Total checkouts | Full call number | Barcode | Date last seen | Copy number | Price effective from | Koha item type |
|---|---|---|---|---|---|---|---|---|---|---|---|---|---|---|---|---|
| Library of Congress Classification | Non-fiction | Business Library (Miotso) | Business Library (Miotso) | General stacks | 11/08/2024 | HD58.7 .B35 2007 | BSSM00000254 | 11/08/2024 | 1 | 11/08/2024 | Books |